Statystyki dla Milion,Miliard czy Bilion?

Kliknij tutaj aby rozwiązać quiz!

Ogólne statystyki

  • Ten quiz został rozwiązany 18 razy
  • Średni wynik to 9 z 16

Statystyki odpowiedzi

HintOdpowiedź% Poprawnych
Na Ziemi żyje 8 _____ów ludziMiliard
100%
Teleturniej: Kto chce zostać _____erem?Milion
93%
Najbardziej dochodowy film zarobił na całym świecie prawie 3 ____ów dolarówMiliard
80%
Najczęściej oglądany film w YouTube ma około 15 _____ów wyświetleńMiliard
80%
Wartość Facebooka wynosi 135_____ów dolarówMiliard
80%
Seria książek o Harrym Potterze sprzedała się w około 600 _____ów egzemplarzyMilion
73%
Quizy JetPunk mają łącznie około 900 _____ów quizóqMilion
73%
Szacuje się, że Ziemia ma około 4,5 ______ów latMiliard
67%
Amerykańska loteria: Mega ______erzyMilion
60%
Dług publiczny USA wynosi około 35 _____ówBilion
53%
Wartość kompanii Apple wynosi około 3 _____ów dolarówBilion
33%
Jedna _____na sekunda to około 32 000 latBilion
20%
Wewnątrz naszego Słońca zmieściłoby się około 64 _____ów KsiężycówMilion
20%
Liczba π została obliczona z dokładnością do 105 _____ów cyfr dziesiętnychBilion
13%
Co roku Stany Zjednoczone wydają na wojsko 860_____ów dolarówBilion
13%
Szacuje się, że w przeciętnej komórce ludzkiej znajduje się 100 _____ów atomówBilion
0%

Rozkład punktacji

Percentyl według liczby udzielonych odpowiedzi

Procent ludzi z każdym wynikiem

Twoja historia wyników

Nie rozwiązałeś tego quizu